000 00857cab a2200253 4500
001 WB2929-41
008 090401t1993 xxu||||| |||| 00| 0 eng d
035 _a(Sirsi) u38837
041 _aeng
245 _aCouncils face accounts shake-up
260 _c1993
350 _a0
490 _aFinancial Times
_v29 July 1993, 7(1)
520 _aThe Accounting Standards Board has approved a statement of recommended practice requiring local authorities to maintain registers of fixed assets including property. New measures must be implemented by the financial year 1994-1995.
650 _aACCOUNTING STANDARDS BOARD
650 _aACCOUNTING STANDARDS
650 _aASSET REGISTERS
650 _aFIXED ASSETS
650 _aLOCAL AUTHORITIES
650 _aPROPERTY ASSETS
690 _aRATING AND VALUATION
942 _n0
948 _c04/03/1997
999 _c24917
_d24917